| 000 | 01308nam a2200337Ia 4500 | ||
|---|---|---|---|
| 001 | ebr10387125 | ||
| 003 | CaPaEBR | ||
| 006 | m u | ||
| 007 | cr cn||||||||| | ||
| 008 | 080515r20092008enkabef sb 001 0 eng d | ||
| 010 | _z 2009367280 | ||
| 020 | _z1861975163 (hbk.) | ||
| 020 | _z9781861975164 (hbk.) | ||
| 020 | _z9781847650641 | ||
| 040 |
_aCaPaEBR _cCaPaEBR |
||
| 035 | _a(OCoLC)649904932 | ||
| 050 | 1 | 4 |
_aDG70.P7 _bB44 2008eb |
| 100 | 1 |
_aBeard, Mary, _d1955- |
|
| 245 | 1 | 0 |
_aPompeii _h[electronic resource] : _bthe life of a Roman town / _cMary Beard. |
| 260 |
_aLondon : _bProfile, _c2009, c2008. |
||
| 300 |
_a360 p., [16] p. of plates : _bill. (some col.), maps, plans. |
||
| 504 | _aIncludes bibliographical references and index. | ||
| 533 |
_aElectronic reproduction. _bPalo Alto, Calif. : _cebrary, _d2010. _nAvailable via World Wide Web. _nAccess may be limited to ebrary affiliated libraries. |
||
| 650 | 0 |
_aExtinct cities _zItaly. |
|
| 651 | 0 | _aPompeii (Extinct city) | |
| 651 | 0 |
_aRome _xHistory _yRepublic, 265-30 B.C. |
|
| 651 | 0 |
_aRome _xSocial life and customs. |
|
| 655 | 7 |
_aElectronic books. _2local |
|
| 710 | 2 | _aebrary, Inc. | |
| 856 | 4 | 0 |
_uhttp://site.ebrary.com/lib/rucke/Doc?id=10387125 _zAn electronic book accessible through the World Wide Web; click to view |
| 999 |
_c205503 _d205503 |
||